| 000 | 00877nam a22002537a 4500 | ||
|---|---|---|---|
| 005 | 20170123162348.0 | ||
| 010 | _aB-283584 | ||
| 020 | _c200.00 | ||
| 035 | _aB-283584 | ||
| 037 | _bCen Lib/Ret | ||
| 040 |
_aDPL _bUR |
||
| 082 |
_a844 _bق د و |
||
| 100 |
_aقدوائی، صدیق الرحمان _9111023 |
||
| 245 |
_aگمان اور یقین کے درمیان / _cصدیق الرحمان قدوائی |
||
| 246 |
_aGuman aur yaqeen ke darmiyan / _bby Sadiq-Ur-Rehman Qidwai |
||
| 260 |
_aنیی دہلی _bمکتبہ جامہ لمیٹڈ _c2006 |
||
| 270 |
_aجامہ نگر _bنیی دہلی _e110025 |
||
| 300 |
_a216p. _c21cm(Hb) |
||
| 650 |
_aادب -- اردو _9135064 |
||
| 650 |
_aاردو مضامین _9135065 |
||
| 650 |
_aLiterature -- Urdu _9135066 |
||
| 650 |
_aUrdu articles _9135067 |
||
| 942 |
_2ddc _cUR _h844 _mق د و |
||
| 999 |
_c109071 _d109071 |
||